Supergirl Villains Season 1 Quiz Stats

Quiz not verified by Sporcle

Challenge
Share
Tweet
Score 0/10 Timer 05:00
1 Play Today
% Correct
Maxwell Lord
94.1%
Indigo
82.6%
Livewire
68.6%
Non
65.8%
Astra
64.6%
Banshee
56.5%
Toyman
48.4%
Bizarro Supergirl
32%
Reactron
28.9%
Master Jailer
21.7%

You're not logged in!

Compare scores with friends on all Sporcle quizzes.
Join for Free
OR
Log In

You Might Also Like...

Show Comments

Extras

Top Quizzes Today


Score Distribution

Your Account Isn't Verified!

In order to create a playlist on Sporcle, you need to verify the email address you used during registration. Go to your Sporcle Settings to finish the process.

Report this User

Report this user for behavior that violates our Community Guidelines.

Details: